The widening world of childhood : paths toward mastery

Bibliographic Details
Main Author: Murphy, Lois Barclay , 1902-2003 (Author)
Format: Book
Published: New York : Basic Books , c1962
Subjects:

MARC

LEADER 00000cam a2200000 7i4500
001 0000030747
005 20190320093000.0
008 021119s1962
020 |a 465095097 
090 0 0 |a BF721   |b .M8 1962 
100 0 |a Murphy, Lois Barclay ,   |d 1902-2003 ,   |e author 
245 1 4 |a The widening world of childhood :   |b paths toward mastery   |c Lois Barclay Murphy and collaborators 
260 2 |a New York :   |b Basic Books ,   |c c1962 
300 |a 399 p. ;   |c 20 cm. 
500 |a Includes index 
650 0 |a Child psychology 
999 |a 1000057629   |b Book   |c OPEN SHELF (30 DAYS)   |e Gong Badak Campus